00621nam a2200193Ia 4500008004100000020001400041082001700055100002100072245003700093250000800130260004100138300003100179500001900210600002700229650001500256942000700271952013400278999001500412240925s9999 xx 000 0 und d a471600123 a621.3192 DOR aDorf, Richard C. 0aIntroduction to Electric Circuit a2nd aNew York:bJohn Wiley & Sonsc,1993. axvii,1055p.bNAfPhotocopy aIncludes Index aElectrical Engineering aTechnology cBK 001040708ELaUITUbUITUd1996-01-22ePak Book Corporationg265.00l0o621.3192 DORpQ0511r2024-09-25 07:12:07w2024-09-25yBK c3010d3010